000 00630nam a2200241 a 4500
001 nice12345678
003 IN_TiNIC
005 20260116012712.0
008 050524s1982 lona grp 000 0 eng
020 _a0197215
_c100
082 0 0 _a232.2
_bLYO
100 _aLyons, J A
245 _aCosmic Christ in Origin and Teilhard De Chardin.
260 _aLondan
_bOxford University Press
_c1982
300 _a219p
500 _aincludes index and biblioraphy
505 2 _aAppendix, Bibliography
650 _aJesus Christ-Messiahship
700 1 _aLyons, J A
902 _bSRS
942 _cBK
999 _c8019
_d8019